| 000 | 02190 a2200217 4500 | ||
|---|---|---|---|
| 001 | 54115 | ||
| 005 | 20260407155812.0 | ||
| 008 | 260407a1973 arg spa d | ||
| 003 | AR-UNSa-BCEJYS | ||
| 040 |
_aAR-UNSa-BCEJYS _bspa _cAR-UNSa-BCEJYS |
||
| 080 |
_a339.137 _xCompetencia. Dumping (Perfecta - Imperfecta) |
||
| 245 | 1 | 0 | _aEconomía de la competencia imperfecta |
| 020 | _a84-270-0198-3 | ||
| 264 | 1 |
_aBarcelona : _bEdiciones Martínez Roca _c1973 |
|
| 300 |
_a413 p. _c20 cm. |
||
| 505 | _aI. La técnica - 1. Las hipótesis - 2. Los instrumentos de cálculo - II. Equilibrio de monopolio - 3. Equilibrio de monopolio - 4. Cambios en la demanda - 5. Cambios en los costos - III. Equilibrio en régimen de competencia - 6. La curva de oferta - 7. Equilibrio en régimen de competencia - 8. Una digresión sobre la renta - 9. La curva de oferta bajo la competencia perfecta - IV. Comparación de la producción en condiciones de monopolio y de competencia - 10. Una digresión sobre las cuatro curvas de costos - 11. Comparación de la producción en condiciones de monopolio y de la competencia - 12. Comentario a la comparación - 13. Control del precio de monopolio - 14. Objeciones a la comparación - V. Discriminación de precios - 15. Discriminación de precios - 16. La moral de la discriminación de precios - VI. Monopsonio - 17. Una digresión sobre el comprador - 18. Monopsonio - 19. Relación del monopsonio y el monopolio con la competencia perfecta - VII. Demanda de un factor de la producción - 20. Una digresión sobre la productividad marginal neta - 21. Demanda de trabajo por cada empresario - 22. La curva de demanda de trabajo para una rama de la industria - VIII. Comparación de la demanda de trabajo en condiciones de monopolio y de competencia - 23. Comparaciones de la demanda de trabajo en condiciones de monopolio y de competencia - 24. Corrección de las comparaciones - IX. Explotación - 25. Explotación monopolística del trabajo - 26. Explotación monopsonística del trabajo - X. Un mundo de monopolios - 27. Un mundo de monopolios | ||
| 041 | _aspa | ||
| 942 | _cBK | ||
| 590 | _aniveau_biblio:m niveau_hierar:0 | ||
| 100 | 1 | _aRobinson, Joan | |
| 999 |
_c5362 _d5362 |
||